Tectonics / (Record no. 183824)
[ view plain ]
| 000 -LEADER | |
|---|---|
| fixed length control field | 01335 a2200193 4500 |
| 003 - CONTROL NUMBER IDENTIFIER | |
| control field | NUST |
| 005 - DATE AND TIME OF LATEST TRANSACTION | |
| control field | 20230717110013.0 |
| 010 ## - LIBRARY OF CONGRESS CONTROL NUMBER | |
| LC control number | 627477 |
| 040 ## - CATALOGING SOURCE | |
| Transcribing agency | Nust |
| 082 ## - DEWEY DECIMAL CLASSIFICATION NUMBER | |
| Classification number | 551.8,GOG |
| 100 ## - MAIN ENTRY--PERSONAL NAME | |
| Personal name | Goguel, Jean. |
| 9 (RLIN) | 113686 |
| 245 ## - TITLE STATEMENT | |
| Title | Tectonics / |
| Statement of responsibility, etc. | Jean Goguel |
| 250 ## - EDITION STATEMENT | |
| Edition statement | french ed of 1952 |
| 260 ## - PUBLICATION, DISTRIBUTION, ETC. | |
| Place of publication, distribution, etc. | London |
| Name of publisher, distributor, etc. | W.H freeman and company |
| Date of publication, distribution, etc. | 1962 |
| 300 ## - PHYSICAL DESCRIPTION | |
| Extent | 384p. |
| 505 ## - FORMATTED CONTENTS NOTE | |
| Formatted contents note | Introduction (Page-1), Morphology and Tectonics (Page-5), Stratigraphy and Tectonics (Page-17), Study of Rock Deformation Continuous Deformations (Page-36), Study of Rock Deformation Discontinuous Deformations (Page-64), Observation of Rock Displacements (Page-74), The Data of Geophysical Exploration (Page-92), Some Deformations of Nontectonic Origin (Page-101), Geometric Presentation of Results (Page-111), Some Types of Elementary Structural Forms (Page-124), Kinematic Interpretation of Tectonic Deformations (Page-147), Dynamic Interpretation (Page-174), Applications of Mechanical Interpretation Considerations (Page-200), Some Types of Basement Complications (Page-220), Different Types of Alpine Structures The Root Idea (Page-236), General Tectonics Isostasy (Page-262), Overall Considerations on Organic Deformations Echeloning in Time and Distribution in Space (Page-272). |
| 650 ## - SUBJECT ADDED ENTRY--TOPICAL TERM | |
| Topical term or geographic name entry element | Tectonics |
| 9 (RLIN) | 113687 |
| 942 ## - ADDED ENTRY ELEMENTS (KOHA) | |
| Source of classification or shelving scheme | |
| Koha item type | Book |
| Call number prefix | 551.8,GOG |
| Withdrawn status | Lost status | Source of classification or shelving scheme | Damaged status | Not for loan | Permanent Location | Current Location | Shelving location | Date acquired | Full call number | Barcode | Date last seen | Price effective from | Koha item type | Public note |
|---|---|---|---|---|---|---|---|---|---|---|---|---|---|---|
| Military College of Signals (MCS) | Military College of Signals (MCS) | General Stacks | 12/12/2016 | 551.8,GOG | MCS21186 | 12/08/2016 | 12/12/2016 | Book | Almirah No.77, Shelf No.5 |
